000 01028nam0a22003251 4500
001 RU\NLR\A1SV\101971
005 20260121131227.0
035 _a(NLR Aleph) 009783324
090 _a10104650
_c10104650
100 _a20100317d1926 u y0rusy50 ca
101 0 _arus
102 _aRU
200 1 _aЭкскурсионно-краеведческая работа пионер-отряда
_fП.Пнев
210 _aВладивосток
_aХабаровск
_cДалькрайоно и Дальбюро ЮП Крайкома ВЛКСМ
_d1926
215 _a62, [2] с.
_cил., карт.
_d19 см
300 _aНапеч. во Владивостоке
320 _aБиблиогр.: с.59-62
620 _dВладивосток
620 _dХабаровск
700 1 _aПнев
_bП.
801 0 _aRU
_bNLR
_c20100317
852 _aNLR
_j41/49
852 _aNLR
_j41/49а
899 _aРГБ
899 _aГПИБ
899 _aКирОУНБ
942 _cBOOK
980 _aA1SV
980 _aNB